<?xml version="1.0" encoding="UTF-8"?>
<record
    xmlns:xsi="http://www.w3.org/2001/XMLSchema-instance"
    xsi:schemaLocation="http://www.loc.gov/MARC21/slim http://www.loc.gov/standards/marcxml/schema/MARC21slim.xsd"
    xmlns="http://www.loc.gov/MARC21/slim">

  <leader>02176cam a22003135i 4500</leader>
  <controlfield tag="001">20463253</controlfield>
  <controlfield tag="005">20241024141143.0</controlfield>
  <controlfield tag="008">180420s2018    nju           000 0 eng  </controlfield>
  <datafield tag="010" ind1=" " ind2=" ">
    <subfield code="a">  2018942062</subfield>
  </datafield>
  <datafield tag="020" ind1=" " ind2=" ">
    <subfield code="a">9781634623759</subfield>
  </datafield>
  <datafield tag="040" ind1=" " ind2=" ">
    <subfield code="a">DLC</subfield>
    <subfield code="b">eng</subfield>
    <subfield code="e">rda</subfield>
    <subfield code="c">DLC</subfield>
    <subfield code="d">DLC</subfield>
  </datafield>
  <datafield tag="041" ind1=" " ind2=" ">
    <subfield code="a">eng</subfield>
  </datafield>
  <datafield tag="042" ind1=" " ind2=" ">
    <subfield code="a">pcc</subfield>
  </datafield>
  <datafield tag="050" ind1=" " ind2=" ">
    <subfield code="a">QA76.9.D3</subfield>
    <subfield code="b">S43 2018</subfield>
  </datafield>
  <datafield tag="100" ind1=" " ind2=" ">
    <subfield code="a">Sebastian-Coleman, Laura</subfield>
    <subfield code="9">24258</subfield>
    <subfield code="e">author</subfield>
  </datafield>
  <datafield tag="245" ind1="1" ind2="0">
    <subfield code="a">Navigating the labyrinth</subfield>
    <subfield code="b">: an executive guide to data management</subfield>
    <subfield code="c">/ Laura Sebastian-Coleman.</subfield>
  </datafield>
  <datafield tag="250" ind1=" " ind2=" ">
    <subfield code="a">1st edition.</subfield>
  </datafield>
  <datafield tag="260" ind1=" " ind2=" ">
    <subfield code="a">Basking Ridge, NJ :</subfield>
    <subfield code="b">Technics Publications,</subfield>
    <subfield code="c">2018.</subfield>
  </datafield>
  <datafield tag="300" ind1=" " ind2=" ">
    <subfield code="a"> 202 pages : illustrations ; 23 cm.</subfield>
  </datafield>
  <datafield tag="504" ind1=" " ind2=" ">
    <subfield code="a">Includes bibliographical references (pages 185-198) and index.</subfield>
  </datafield>
  <datafield tag="505" ind1=" " ind2=" ">
    <subfield code="a">T&#xFE23;&#xFE23;he importance of managing data &#x2014; Data management challenges &#x2014; DAMA's data management principles &#x2014; Data ethics &#x2014; Data governance &#x2014; Planning and designing in data lifecycle management &#x2014; Enabling and maintaining data &#x2014; Using and enhancing data &#x2014; Data protection, privacy, security, and risk management &#x2014; Metadata management &#x2014; Data quality management &#x2014; What to do now.</subfield>
  </datafield>
  <datafield tag="520" ind1=" " ind2=" ">
    <subfield code="a">If you are leading an organization or if you need to communicate with leaders about data management, Navigating the Labyrinth is your guide.

Organizations that want to get value from their data need to manage that data well. But to most executives, data management seems obscure, complicated, and highly technical. You don't have time to learn all the detail or cut through the hype. Navigating the Labyrinth helps you get there. Based on best practices from DAMA's Data Management Body of Knowledge (DMBOK2), it explains the fundamentals and says why they are important. It focuses your attention on what you need to know to help your organization build trust in and get value out of its data.</subfield>
  </datafield>
  <datafield tag="526" ind1=" " ind2=" ">
    <subfield code="a">MSc Digital Transformation &amp; Business Innovation</subfield>
  </datafield>
  <datafield tag="650" ind1=" " ind2="0">
    <subfield code="a">Database management</subfield>
    <subfield code="9">10927</subfield>
  </datafield>
  <datafield tag="650" ind1=" " ind2="0">
    <subfield code="a">Information technology </subfield>
    <subfield code="x">Management</subfield>
    <subfield code="9">11628</subfield>
  </datafield>
  <datafield tag="650" ind1=" " ind2="0">
    <subfield code="a">Business enterprises</subfield>
    <subfield code="x">Computer networks</subfield>
    <subfield code="x">Security measures</subfield>
    <subfield code="9">24260</subfield>
  </datafield>
  <datafield tag="710" ind1=" " ind2=" ">
    <subfield code="a">Data Management Association</subfield>
    <subfield code="9">24259</subfield>
    <subfield code="e">editor</subfield>
  </datafield>
  <datafield tag="942" ind1=" " ind2=" ">
    <subfield code="2">lcc</subfield>
  </datafield>
  <datafield tag="952" ind1=" " ind2=" ">
    <subfield code="0">0</subfield>
    <subfield code="1">0</subfield>
    <subfield code="2">lcc</subfield>
    <subfield code="4">0</subfield>
    <subfield code="7">0</subfield>
    <subfield code="8">CT</subfield>
    <subfield code="a">TBS</subfield>
    <subfield code="b">TBS</subfield>
    <subfield code="d">2024-10-24</subfield>
    <subfield code="l">1</subfield>
    <subfield code="o">QA76.9.D3 SEB</subfield>
    <subfield code="p">B02990</subfield>
    <subfield code="r">2025-02-04</subfield>
    <subfield code="s">2024-10-29</subfield>
    <subfield code="t">1</subfield>
    <subfield code="w">2024-10-24</subfield>
    <subfield code="y">1</subfield>
  </datafield>
  <datafield tag="952" ind1=" " ind2=" ">
    <subfield code="0">0</subfield>
    <subfield code="1">0</subfield>
    <subfield code="2">lcc</subfield>
    <subfield code="4">0</subfield>
    <subfield code="7">0</subfield>
    <subfield code="8">CT</subfield>
    <subfield code="a">TBS</subfield>
    <subfield code="b">TBS</subfield>
    <subfield code="d">2024-10-24</subfield>
    <subfield code="l">0</subfield>
    <subfield code="o">QA76.9.D3 SEB</subfield>
    <subfield code="p">B02989</subfield>
    <subfield code="r">2024-10-24</subfield>
    <subfield code="t">2</subfield>
    <subfield code="w">2024-10-24</subfield>
    <subfield code="y">1</subfield>
  </datafield>
  <datafield tag="999" ind1=" " ind2=" ">
    <subfield code="c">4372</subfield>
    <subfield code="d">4372</subfield>
  </datafield>
</record>
